000 01620cam a22003974a 4500
001 8369
003 FISKH
005 20250910095639.0
008 050727s2006 nyua j 001 0 eng
010 _a 2005021736
020 _a0516236210
_qlib. bdg.
020 _a9780516246611
020 _a9780516236216
_q(lib. bdg.)
040 _aDLC
_cDLC
_dDLC
_beng
050 0 0 _aQC90.6
_b.T788 2006
082 0 0 _a530.8/1
_222
100 1 _aTrumbauer, Lisa,
_d1963-
245 1 0 _aWhat is volume? /
_cby Lisa Trumbauer ; consultants, Andrew Fraknoi, Cecilia Minden-Cupp.
260 _aNew York :
_bChildren's Press,
_c2006.
300 _a31 pages :
_bcolor illustrations ;
_c18 cm
336 _atext
_btxt
_2rdacontent
337 _aunmediated
_bn
_2rdamedia
338 _avolume
_bnc
_2rdacarrier
440 0 _aRookie read-about science
500 _aIncludes index.
505 _aJ
520 _aFrom friendly dolphins to giant pandas, from icebergs and glaciers to energy from the sun, from magnets to solids, liquids, and gases, Rookie Read-About Science is a natural addition to the primary-grade classroom with books that cover every part of the science curricula. Includes: animals, nature, scientific principles, the environment, weather, and much more!
521 8 _a480
_bLexile
521 8 _aJ
_bRaz-Plus
650 0 _aWeights and measures
_vJuvenile literature.
650 0 _aVolume
_vJuvenile literature.
655 7 _aLiterature.
_2lcgft
_0https://id.loc.gov/authorities/genreForms/gf2014026415
906 _a7
_bcbc
_corignew
_d1
_eecip
_f20
_gy-gencatlg
942 _2ddc
_cBK
_n0
999 _c8369
_d8369